000 01254nam a2200313 i 4500
003 EG-GICUC
005 20260218090622.0
008 260112s1997 ua |||fr|||| 00| 0 ara d
040 _a EG-GICUC
_bara
_c EG-GICUC
_d EG-GICUC
_erda
041 0 _aAra
082 0 4 _221
_a343.91
_bع ب . أ
092 0 4 _221
099 _aLaw1 10 343.91 ع ب . أ 1997
100 0 _aعبدالفتاح مصطفى الصيفى
_eمؤلف.
245 1 2 _aالأحكام العامة للنظام الجنائى فى الشريعة الإسلامية والقانون /
_cتأليف الدكتور عبدالفتاح مصطفى الصيفى.
264 1 _aالقاهرة :
_bدار النهضة العربية،
_c1997.
264 3 _aالإسكندرية :
_bدار الهدى للمطبوعات
300 _a641 صفحة؛
_c24 سم.
336 _2rda content
_atext
337 _2rda media
_aComputer
338 _2rda carrier
_aOnline Resource
504 _aببليوجرافيا: صفحات626-627.
650 1 _aالنظام الجنائى الإسلامى
_2qrmak
650 1 _aالقانون الجنائى
_2qrmak
651 1 _2qrmak
856 4 0 _uhttps://fll.law.cu.edu.eg/fulltext/bks/B10-07411.pdf
905 _a54
_eYara
942 _2ddc
_cBK
_e21
_n0
999 _c56573
_d56573